Trivia 2005 Atti del convegno 2005

Furkejuvvon:
Bibliográfalaš dieđut
Searvvušdahkki: Trivia
Materiálatiipa: Girji
Giella:eaŋgalasgiella
Fáddágilkorat: Lasit fáddágilkoriid
Eai fáddágilkorat, Lasit vuosttaš fáddágilkora!

MARC

LEADER 00000nam a2200000 4500
005 20240724163629.0
008 240724b |||||||| |||| 00| 0 eng d
040 |c GP 
110 |a Trivia 
245 |a Trivia 2005  |b Atti del convegno 2005 
942 |2 ddc  |c BK  |n 0 
952 |0 0  |1 0  |2 ddc  |4 0  |6 290_000000000000000_TRI  |7 1  |9 1683  |a RM  |b RM  |d 2024-07-24  |l 0  |o 290 TRI  |p 237  |r 2024-07-24 16:36:46  |w 2024-07-24  |y BK 
999 |c 1496  |d 1496